| 000 | 00759nam a2200253 i 4500 | ||
|---|---|---|---|
| 001 | 17236 | ||
| 003 | ES-MaACL | ||
| 005 | 20230906151530.0 | ||
| 007 | t| | ||
| 008 | 010123s2000 sp ||||0| spa j | ||
| 020 | _a84-493-0774-0 | ||
| 040 |
_aM-BN _bspa _cM-BN |
||
| 080 | _a330.342.14"1945/..." | ||
| 100 | 1 |
_aGray, John ( _d1948-) _959800 |
|
| 245 | 1 | 0 |
_aFalso amanecer _b: los engaños del capitalismo global / _cJohn Gray. |
| 260 |
_aBarcelona : _bPaidós Ibérica, _c[2000] |
||
| 300 |
_a302 p. ; _c24 cm. |
||
| 490 | 1 |
_aPaidós estado y sociedad ; _v74 |
|
| 650 | 0 | 0 |
_aCapitalismo- _yS.XX. _910766 |
| 830 | 0 |
_aPaidós estado y sociedad ; _v74 _9178635 |
|
| 852 |
_aES-MaACL _jL-24225 _bR.129265 |
||
| 999 |
_c17236 _d17236 |
||